| 000 | 00653 a2200205 4500 | ||
|---|---|---|---|
| 999 |
_c2785 _d2785 |
||
| 020 | _a9781447904212 | ||
| 050 | 0 | 0 | _aKD3930 BRA 2014 |
| 100 | 1 |
_aBradley, A. W. _eauthor. |
|
| 245 | 1 | 0 |
_aConstitutional and administrative law / _cA.W. Bradley, K.D. Ewing and C.J.S. Knight. |
| 250 | _a16th ed. | ||
| 264 | 1 |
_aHarlow, England : _bPearson, _c2014 |
|
| 300 | _alxvii, 753p. : | ||
| 500 | _aIncludes bibliographical references and index. | ||
| 650 | 0 | _aConstitutional law | |
| 650 | 0 | _aCivil rights | |
| 650 | 0 | _aAdministrative law | |
| 700 | 1 |
_aEwing, K. D. _eauthor |
|
| 700 | 1 |
_aKnight, C.J.S. _eauthor |
|
| 942 |
_2lcc _cBK _e16th ed. _h4501 _iBRA _kkD |
||